000 00430nam a2200121Ia 4500
005 20251222144852.0
008 251222s9999||||xx |||||||||||||| ||spa||
020 _a84-7434-709-2
082 _a621.381/M61
245 0 _aTecnologías Avanzadas, Microelectrónica y Cambios en el Trabajo, el Comercio, las Oficinas y los Servicios de Salud
264 _bCentro de Publicaciones Ministerio de Trabajo y Seguridad Social
942 _cLIB
999 _c21652
_d21652